Information theory reliable communication (Record no. 253399)
[ view plain ]
| 000 -LEADER | |
|---|---|
| fixed length control field | 00291 a2200121 4500 |
| 001 - CONTROL NUMBER | |
| control field | 18326 |
| 082 ## - DEWEY DECIMAL CLASSIFICATION NUMBER | |
| Classification number | 519.7GAL |
| 090 ## - LOCALLY ASSIGNED LC-TYPE CALL NUMBER (OCLC); LOCAL CALL NUMBER (RLIN) | |
| -- | 13618 |
| -- | 13618 |
| 100 ## - MAIN ENTRY--PERSONAL NAME | |
| Personal name | Gallager, R.G |
| 245 ## - TITLE STATEMENT | |
| Title | Information theory reliable communication |
| 260 ## - PUBLICATION, DISTRIBUTION, ETC. | |
| Name of publisher, distributor, etc. | John wiley |
| Date of publication, distribution, etc. | 1968 |
| 500 ## - GENERAL NOTE | |
| General note | MS textbook Avionics |
| 942 ## - ADDED ENTRY ELEMENTS (KOHA) | |
| Institution code [OBSOLETE] | NUST-CAE |
| Call number prefix | 519.7GAL |
| Withdrawn status | Lost status | Damaged status | Not for loan | Collection code | Permanent Location | Current Location | Date acquired | Total Checkouts | Full call number | Barcode | Date last seen | Price effective from | Koha item type |
|---|---|---|---|---|---|---|---|---|---|---|---|---|---|
| College of Aeronautical Engineering (CAE) | College of Aeronautical Engineering (CAE) | 04/03/2017 | 519.7GAL | CAE14196 | 04/05/2017 | 04/05/2017 | Book | ||||||
| College of Aeronautical Engineering (CAE) | College of Aeronautical Engineering (CAE) | 04/03/2017 | 519.7GAL | CAEN-168 | 04/05/2017 | 04/05/2017 | Book | ||||||
| College of Aeronautical Engineering (CAE) | College of Aeronautical Engineering (CAE) | 04/03/2017 | 519.7GAL | CAEN-167 | 04/05/2017 | 04/05/2017 | Book | ||||||
| College of Aeronautical Engineering (CAE) | College of Aeronautical Engineering (CAE) | 04/03/2017 | 519.7GAL | CAEN-166 | 04/05/2017 | 04/05/2017 | Book | ||||||
| College of Aeronautical Engineering (CAE) | College of Aeronautical Engineering (CAE) | 04/03/2017 | 519.7GAL | CAEN-165 | 04/05/2017 | 04/05/2017 | Book | ||||||
| College of Aeronautical Engineering (CAE) | College of Aeronautical Engineering (CAE) | 04/03/2017 | 519.7GAL | CAEN-164 | 04/05/2017 | 04/05/2017 | Book |
